Statistiken für Deutsche FIFA Youtuber am Videotitel erraten

Klicken Sie hier um das Quiz zu spielen!

Allgemein

  • Dieses Quiz wurde 90 mal gespielt
  • Das Durchschnittsergebnis liegt bei 5 aus 16

Antwortstatistiken

HintAntwort% Korrekt
FUSSBALL CHALLENGE MIT SIDNEY, WILLY & MARLON🔥⚽️ Ich bin ein magischer Spieler🪄 200k Abo SpecialEliasN97
92%
NEUER ACCOUNT in FIFA 22! WAS ERREICHT man in NUR 1 WOCHE?🥼🧐🧪 (Experiment)Julius
53%
FIFA 17: SMALLING FUTTIE SQUAD BUILDER BATTLE PRANK AN NOHANDGAMING 😅🔥Tisi Schubech
49%
ICH GEWINNE EIN ESPORTS TURNIER 😱😱proownez
46%
Ich HACKE GAMERBROTHERs FIFA 19 Weekend League LIVE im Stream 😜🔥Der Keller
42%
FIFA 14 : Ultimate Team - Let's Skill in die 1. Liga #34 [FACECAM] ABSCHIEDS SPECIAL FOLGE !! HDFeelFIFA
41%
WENN LEROY SANÉ IM DFB KADER GEWESEN WÄRE ... ❌🏆 FIFA 18 WM Modus Playthrough mit DeutschlandDerHansus
33%
Wer bei diesem Video lacht, hat kein Herz... Fifa 17 EditionGamerBrother
33%
ELFMETER VON FIFA 94 bis FIFA 17NoHandGaming
25%
Kann ich ALLE KARTEN in FIFA 23 SAMMELN? TAG 1 (Experiment) 🧐🧪Julian
22%
FIFA 15 FREISTOSS TUTORIAL - [XBOX One - PS4 - PC] DEUTSCH - HDFifaGoalsUnited
14%
FIFA 19: MEINE TAKTIKEN & FORMATIONEN! I Damit wirst DU besser in FIFA 19!👌🔥Tim Latka
12%
FIFA 19: TOTY RONALDO SQUAD BUILDER BATTLE......☠️☠️☠️ R.I.P. 💀💀💀Smexy
11%
FIFA 20: TOTY MBAPPE SQUAD BUILDER BATTLE☠️☠️☠️RIP☠️☠️☠️IamTabak
7%
ALLE NEUEN FIFA 18 TORJUBEL!! PLAYSTATION & XBOX TUTORIAL 🔥🔥Der KC
2%
FIFA 18: Pro vs Pro - Real Madrid vs FC Barcelona El ClasicoSTYLO
2%

Verteilung der Resultate

Perzentil nach korrekt beantworteten Fragen

Anzahl Personen mit jedem Resultat

Ihre Resultats-Entwicklung

Sie haben dieses Quiz noch nicht gespielt